Representation of Communist Parties - Statistics

General Stats
  • This quiz has been taken 68 times
    47 since last reset
  • The average score is 33 of 47
Answer Stats
Hint Answer % Correct
2479/2980 (83.19%) China
100%
605/605 (100%) Cuba
100%
158/164 (96.34%) Laos
98%
687/687 (100%) North Korea
98%
485/499 (97.19%) Vietnam
98%
46/620 (7.42%) Russia
95%
7/594 (1.18%) Brazil
90%
12/788 (1.52%) India
90%
7/616 (1.14%) Spain
90%
26/925 (2.81%) France
88%
218/331 (65.86%) Nepal
88%
10/230 (4.35%) Portugal
86%
25/710 (3.52%) Japan
83%
4/600 (0.67%) Turkey
83%
1/442 (0.23%) Pakistan
81%
15/277 (5.41%) Venezuela
81%
15/300 (5%) Greece
79%
4/250 (1.6%) Syria
79%
3/120 (2.5%) Israel
76%
4/379 (1.06%) Argentina
74%
28/174 (16.09%) Belarus
74%
17/210 (8.09%) Belgium
74%
9/198 (4.54%) Chile
74%
5/160 (3.13%) Ireland
74%
44/400 (11%) South Africa
74%
13/329 (3.95%) Iraq
71%
1/250 (0.4%) Serbia
71%
1/169 (0.59%) Norway
69%
37/130 (28.46%) Peru
69%
10/280 (3.57%) Colombia
67%
10/107 (9.35%) Kazakhstan
67%
4/350 (1.14%) Bangladesh
62%
15/56 (26.79%) Cyprus
62%
3/160 (1.88%) Guatemala
62%
1/200 (0.5%) Switzerland
62%
2/225 (0.89%) Sri Lanka
60%
1/240 (0.42%) Bulgaria
57%
2/63 (3.17%) Tajikistan
57%
15/281 (5.34%) Czech Republic
52%
1/130 (0.77%) Jordan
52%
11/606 (1.82%) Algeria
48%
33/65 (50.77%) Guyana
48%
1/100 (1%) Latvia
45%
3/180 (1.67%) Cameroon
31%
5/132 (3.79%) Palestine
31%
1/127 (0.79%) Burkina Faso
24%
1/80 (1.25%) Bahrain
12%
No matching quizzes found
Score Distribution
Percent of People with Each Score
Percentile by Number Answered
Your Score History
You have not taken this quiz since the last reset